Llanto con Nombre /
Gardado en:
| Autor Principal: | |
|---|---|
| Formato: | Desconocido |
| Idioma: | Spanish |
| Publicado: |
Colombia :
Gráfica Ducal,
1984.
|
| Edición: | 2 edición |
| Materias: | |
| Etiquetas: |
Engadir etiqueta
Sen Etiquetas, Sexa o primeiro en etiquetar este rexistro!
|
MARC
| LEADER | 000000000a22000000004500 | ||
|---|---|---|---|
| 001 | 003169 | ||
| 041 | 0 | |a spa | |
| 082 | 0 | 4 | |a CR861.3 |b Z252Li |
| 100 | 1 | |a Zamora Robles, Julián | |
| 245 | 1 | 0 | |a Llanto con Nombre / |c Julián Zamora Robles. |
| 250 | |a 2 edición | ||
| 260 | 1 | |a Colombia : |b Gráfica Ducal, |c 1984. | |
| 300 | |a 41 páginas | ||
| 650 | 4 | |a LITERATURA COSTARRICENSE | |
| 650 | 4 | |a POESIA | |
| 999 | |c 9463 |d 9463 | ||
| 942 | |c BK |h CR861.3 Z252Li |2 z | ||
